Workbook english 12

Uloženo v:
Podrobná bibliografie
Médium: Kniha
Jazyk:Undetermined
Vydáno: Hà Nôi Giáo Dục 2006
Témata:
Tagy: Přidat tag
Žádné tagy, Buďte první, kdo otaguje tento záznam!
Thư viện lưu trữ: Trung tâm Học liệu Trường Đại học Cần Thơ
LEADER 00503nam a2200193Ia 4500
001 CTU_106741
008 210402s9999 xx 000 0 und d
020 |c 6500 
082 |a 428.0712 
082 |b W924/L12 
245 0 |a Workbook english 12 
245 0 |c Tứ Anh ... [et al.] 
260 |a Hà Nôi 
260 |b Giáo Dục 
260 |c 2006 
650 |a English language 
650 |x Study and teaching 
904 |i Tuyến 
980 |a Trung tâm Học liệu Trường Đại học Cần Thơ